Splatoon - Personnages - Statistiques

Statistiques générales
  • Ce quiz a été pris 77 fois
    6 depuis la dernière actualisation
  • Le résultat moyen est 36 sur 55
Statistiques - réponses
Par images Réponse % Correct
Agent 3
100%
Agent 4
100%
Agent 8
100%
Amiral
100%
Anastase Macalamar
100%
Angie Onaga
100%
Ayo
100%
Cartouche
100%
Coralie
100%
Grand Poisson-charge
100%
Octaling
100%
Oly
100%
Perle
100%
Raimi Manta
100%
Charbitre
83%
Chef Curbit (A.C.)
83%
DJ Octave
83%
Général Tartar
83%
Mini Charbitre
83%
M.Ours
83%
Octarien
83%
Pasquale Hohojiro
83%
Salmioche
83%
Eyte
67%
Kipik
67%
Le Professeur
67%
O.R.C.A.
67%
Ordrissime
67%
Salmonoïde
67%
Anne
50%
Don Podio
50%
Flo
50%
Gégé Latineux
50%
Mécano
50%
Mone
50%
Omar
50%
Squelécailles
50%
Tipik
50%
Alex Cargo
33%
Arnaud Till
33%
B.Cune
33%
Bisk
33%
Carpucine
33%
Crustifer
33%
Edgar Touche
33%
Fridéric
33%
Gambastien
33%
G.Latineux
33%
Limu & Lumi
33%
Maître Mégalo
33%
M.Coco
33%
Mehdi
33%
Monia
33%
Scott la mascotte
33%
Gab LeCrab
17%
Aucun quiz correspondant
Distribution des résultats
% des personnes avec chaque résultat
Percentile par nombre de réponses
Votre historique - résultats
Vous n’avez pas pris ce quiz depuis la dernière actualisation